000 00564nam a22001817a 4500
005 20231109124412.0
008 231109b |||||||| |||| 00| 0 eng d
020 _a9780409033168
041 _aEnglish
082 _a346.2 COR
100 _aCornelius, SJ
_lEnglish
245 _aPrinciples of the Interpretation of Contracts in South Africa /
_cSJ Cornelius
250 _aSecond Edition
260 _aDurban :
_bLexisNexis,
_c2007
300 _bxi, 248 pages ;
_c25 cm.
650 _aLegal practice
_bLaw
942 _cBK
_6ALISON_BN_VRIES
999 _c478
_d478